000 00475nam a2200181Ia 4500
005 20250423100616.0
008 250422s9999 xx 000 0 und d
020 _a9781032397375
050 _aRA 421.90 .B35/
100 _aBaker, Richard
245 0 _aPrimary Health Care And Population Mortality
260 _aNew York
260 _bCRC Press
260 _c2023
300 _aViii, 212p.: ill.
650 _aprimary health care - Effect on mortality
942 _cBK
999 _c33819
_d33819